| 000 | 00931cad a22002295a 4500 | ||
|---|---|---|---|
| 001 | L154601 | ||
| 008 | 120105s2011 xxkqr p 0 a0eng u | ||
| 035 | _a(Sirsi) u154601 | ||
| 041 | 0 | _aeng | |
| 100 | 1 | _aRowan, Vincent | |
| 245 | 0 | 0 |
_aSelecting the right procurement strategy for you and your project _h[electronic resource] |
| 260 |
_a[S.l.] _bReed Smith _c2011 |
||
| 520 | _aExamines procurement strategies for large-scale construction projects; the Design and Build and the Engineer, Procure, Construct (EPC) models in the European Union. | ||
| 590 | _aKA NTK | ||
| 651 | 4 | _aEurope | |
| 690 |
_aProcurement _96260 |
||
| 690 |
_aProject management _96261 |
||
| 700 | 1 | _aDavy, Lynne | |
| 710 | 1 | _aReed Smith | |
| 856 | 4 | 0 |
_uhttps://www.mondaq.com/x/155808/Contracts+Deeds/Selecting+The+Right+Procurement+Strategy+For+You+And+Your+Project&email_access=on _zView the article free of charge at www.mondaq.com |
| 942 | _n0 | ||
| 999 |
_c113058 _d113058 |
||